Vida y desventuras de Miguel de Cervantes / (Record no. 14467)

MARC details
000 -LEADER
campo de control de longitud fija 00711nam a2200217 i 4500
001 - NÚMERO DE CONTROL
campo de control 14467
003 - IDENTIFICADOR DE NÚMERO DE CONTROL
campo de control ES-MaACL
005 - FECHA Y HORA DE LA ÚLTIMA TRANSACCIÓN
campo de control 20250122063028.0
007 - CAMPO FIJO DE DESCRIPCIÓN FÍSICA--INFORMACIÓN GENERAL
campo de control de longitud fija t|
008 - DATOS DE LONGITUD FIJA--INFORMACIÓN GENERAL
campo de control de longitud fija 990322s1933 sp ||||1| spa d
080 ## - NÚMERO DE LA CLASIFICACIÓN DECIMAL UNIVERSAL
Número de la Clasificación Decimal Universal 929 Cervantes Saavedra, Miguel de
100 1# - ENTRADA PRINCIPAL--NOMBRE DE PERSONA
Nombre de persona Tomás, Mariano,
9 (RLIN) 239478
Fechas asociadas al nombre 1891-1957
245 10 - MENCIÓN DEL TÍTULO
Título Vida y desventuras de Miguel de Cervantes /
Mención de responsabilidad, etc. por Mariano Tomás.
260 ## - PUBLICACIÓN, DISTRIBUCIÓN, ETC.
Lugar de publicación, distribución, etc. Barcelona :
Nombre del editor, distribuidor, etc. Juventud,
Fecha de publicación, distribución, etc. 1933.
300 ## - DESCRIPCIÓN FÍSICA
Extensión 240 p., [6] h. lám. ;
Dimensiones 20 cm.
600 14 - PUNTO DE ACCESO ADICIONAL DE MATERIA--NOMBRE DE PERSONA
Nombre de persona Cervantes Saavedra, Miguel de,
Fechas asociadas al nombre 1547-1616-
Subdivisión general Biografías
9 (RLIN) 37596
852 ## - LOCALIZACIÓN
Ubicación ES-MaACL
Número de control de estantería F-640
Sublocalización o colección R.112943
itemnumber 14810
852 ## - LOCALIZACIÓN
Ubicación ES-MaACL
Número de control de estantería A-1526/Ej.1
itemnumber 14810
942 ## - ELEMENTOS DE ENTRADA SECUNDARIOS (KOHA)
Fuente del sistema de clasificación o colocación Clasificación decimal universal
Holdings
Estatus retirado Estado de pérdida Fuente del sistema de clasificación o colocación Estado de daño No para préstamo Biblioteca de origen Biblioteca actual Ubicación en estantería Fecha de adquisición Total de préstamos Signatura topográfica completa Código de barras Visto por última vez Precio de reemplazo Tipo de ítem Koha Restricciones de uso
    Clasificación decimal universal     Biblioteca del Ateneo de Madrid Biblioteca del Ateneo de Madrid Depósito 2 17/01/2008   F-640 1014715 23/02/2023 23/02/2023 Libro impreso  
    Clasificación decimal universal     Biblioteca del Ateneo de Madrid Biblioteca del Ateneo de Madrid Sala Pecera Planta 1 17/01/2008   A-1526/Ej.1 1140726 23/02/2023 23/02/2023 Libro impreso Duplicado